00691nam a22002057a 450000500170000001000150001702000260003203500130005803500130007103700130008403700170009708200120011410000250012624500840015126000430023527001100027830000200038850000200040865000570042820140825113306.0 aENG-106529 a9788121211697c900.00 aEN-90062 aB-529572 bDBAD/PUB bBBB/Venadpl a270.082 a Engineer Asghar Ali aIslam gender justice :cby Asghar Ali EngineerbMuslims gender discrimination / aNew DelhibGyan Publishing Housec2013 a23 Main Ansari Road, Darya GanjbNew Delhie110002k23282060,23261060mbooks@gyanbooksl.coml011-23285914 a312p.c20cm(Hb) aincludes index aGender JusticexMuslim Gender discriminationzIslam.